Metody elektronové spektroskopie /

Gespeichert in:
Bibliographische Detailangaben
1. Verfasser: Kavan, Ladislav (Verfasst von)
Format: Buch
Sprache:Tschechisch
Veröffentlicht: Praha : Academia, 1986
Ausgabe:1.vyd.
Schlagworte:
Tags: Tag hinzufügen
Keine Tags, Fügen Sie das erste Tag hinzu!

MARC

LEADER 00000nam a22000003a 4500
001 stu37656
005 20150617225727.9
008 920818s1986----cs------------------cze-d
040 |a STU  |b slo 
041 0 |a cze 
044 |a cs 
080 |a 534.42 
100 1 |a Kavan, Ladislav  |4 aut 
245 1 |a Metody elektronové spektroskopie /  |c [aut.]Ladislav Kavan 
250 |a 1.vyd. 
260 |a Praha :  |b Academia,  |c 1986 
300 |a 141 s 
650 7 |a Spektroskopia elektrónová  |2 stusub 
650 7 |a metódy  |2 stusub 
996 |b 284M046578  |c M*481-1  |l MMKN  |s A  |a 24  |w stu37656_0001